书目信息 |
| 题名: |
网络安全实验教程
|
|
| 作者: | 孙建国 主编 ;赵国冬 编著 | |
| 分册: | ||
| 出版信息: | 北京 清华大学出版社 2019.07 |
|
| 页数: | 285页 | |
| 开本: | 26cm | |
| 丛书名: | ||
| 单 册: | ||
| 中图分类: | TN915.08 | |
| 科图分类: | ||
| 主题词: | 网络安全--wang lao an quan--高等学校--教材 | |
| 电子资源: | ||
| ISBN: | 978-7-302-52427-4 | |
| 000 | 01373nam0 2200277 450 | |
| 001 | 0106081833 | |
| 005 | 20201109085658.50 | |
| 010 | @a978-7-302-52427-4@dCNY49.00 | |
| 100 | @a20190921e20202019em y0chiy50 ea | |
| 101 | 0 | @achi |
| 102 | @aCN@b110000 | |
| 105 | @ay az 000yy | |
| 106 | @ar | |
| 200 | 1 | @a网络安全实验教程@Awang luo an quan shi yan jiao cheng@f孙建国主编@g赵国冬[等]编著 |
| 205 | @a4版 | |
| 210 | @a北京@c清华大学出版社@d2019.07@h2020.02 | |
| 215 | @a285页@d26cm | |
| 300 | @a“十二五”普通高等教育本科国家及规划教材教育部“高等学校教学质量与教学改革工程”立项项目计算机科学与技术专业实践系列教材 | |
| 320 | @a有书目(第285页) | |
| 330 | @a本书基于网络安全体系结构,选择最新的网络安全实用软件和技术,在基本的网络安全实用技术和理论基础上,按照网络分析、远程控制技术、SSL-VPN技术、防火墙技术、入侵检测技术和虚拟蜜网技术系统的讲授了网络安全实验内容。本书不仅介绍基础网络安全体系结构基本理论和方法。通过Sniffer分析软件、pcAnywhere远程控制程序、Snort入侵检测系统以及Honewall蜜网架构等实验用例的训练,学生可以建立网络信息安全的体系概念,了解网络协议、数据包结构、网络安全管理技术等在计算机系统中的重要性。 | |
| 606 | 0 | @a网络安全@Awang lao an quan@x高等学校@j教材 |
| 690 | @aTN915.08@v5 | |
| 701 | 0 | @a孙建国@Asun jian guo@4主编 |
| 702 | 0 | @a赵国冬@Azhao guo dong@4编著 |
| 801 | 0 | @aCN@bBJSZM@c20201106 |
| 905 | @b1192680-3@dTN915.08@e222=4@f4 | |
| 网络安全实验教程/孙建国主编/赵国冬[等]编著.-4版.-北京:清华大学出版社,2019.07(2020.02) |
| 285页;26cm |
| “十二五”普通高等教育本科国家及规划教材教育部“高等学校教学质量与教学改革工程”立项项目计算机科学与技术专业实践系列教材 |
| ISBN 978-7-302-52427-4:CNY49.00 |
| 本书基于网络安全体系结构,选择最新的网络安全实用软件和技术,在基本的网络安全实用技术和理论基础上,按照网络分析、远程控制技术、SSL-VPN技术、防火墙技术、入侵检测技术和虚拟蜜网技术系统的讲授了网络安全实验内容。本书不仅介绍基础网络安全体系结构基本理论和方法。通过Sniffer分析软件、pcAnywhere远程控制程序、Snort入侵检测系统以及Honewall蜜网架构等实验用例的训练,学生可以建立网络信息安全的体系概念,了解网络协议、数据包结构、网络安全管理技术等在计算机系统中的重要性。 |
| ● |
| 相关链接 |
|
|
|
|
正题名:网络安全实验教程
索取号:TN915.08/222=4
 
预约/预借
| 序号 | 登录号 | 条形码 | 馆藏地/架位号 | 状态 | 备注 |
| 1 | 1192680 | 211926807 | 第二样本阅览室/ [索取号:TN915.08/222=4] | 在馆 | |
| 2 | 1192681 | 211926816 | 第三借阅区/ [索取号:TN915.08/222=4] | 在馆 | |
| 3 | 1192682 | 211926825 | 第三借阅区/ [索取号:TN915.08/222=4] | 在馆 | |
| 4 | 1192683 | 211926834 | 第三借阅区/ [索取号:TN915.08/222=4] | 在馆 |